[Event "Olimpiada Calviá 2004"]
[Site "Calviá ESP"]
[Date "2004.10.24"]
[Round "9.31"]
[White "Lehner, Oliver"]
[Black "Sakalauskas, Vaidas"]
[Result "0-1"]
[WhiteElo "2420"]
[BlackElo "2464"]
[PlyCount "66"]
[EventDate "2004.10.15"]
[EventType "team"]
[EventRounds "14"]
[EventCountry "ESP"]
[Source "lmi"]
[SourceDate "2004.10.27"]

1. e4 e6 2. d4 d5 3. Nc3 Nf6 4. Bg5 dxe4 5. Nxe4 Be7 6. Bxf6 Bxf6 7. Nf3 Nd7 8.
Qd2 O-O 9. O-O-O Be7 10. Bc4 a6 11. Rhe1 b5 12. Bd3 Bb7 13. Qe3 Nf6 14. Nxf6+
Bxf6 15. Be4 Bd5 16. Ne5 Qd6 17. Kb1 Rad8 18. Bd3 Rc8 19. f4 Rfd8 20. Qh3 h6
21. g4 Bxe5 22. dxe5 Qb4 23. f5 Bc4 24. g5 Bxd3 25. cxd3 exf5 26. Qxf5 hxg5 27.
Re4 Qe7 28. Rg1 Qd7 29. Qxg5 Qxd3+ 30. Kc1 g6 31. Qg4 Rd5 32. b4 Qc3+ 33. Kb1
Rd2 0-1

[Event "Olimpiada Calviá 2004"]
[Site "Calviá ESP"]
[Date "2004.10.24"]
[Round "9.33"]
[White "Mok, Tze-Meng"]
[Black "Haznedaroglu, Kivanc"]
[Result "0-1"]
[WhiteElo "2336"]
[BlackElo "2394"]
[PlyCount "56"]
[EventDate "2004.10.15"]
[EventType "team"]
[EventRounds "14"]
[EventCountry "ESP"]
[Source "lmi"]
[SourceDate "2004.10.27"]

1. e4 c5 2. Nf3 Nc6 3. Bb5 g6 4. Bxc6 dxc6 5. h3 Bg7 6. O-O e5 7. d3 Qe7 8. Nc3
Nf6 9. Bg5 h6 10. Bh4 g5 11. Bg3 Nh5 12. Bxe5 Bxe5 13. Nxe5 Nf4 14. Nc4 Be6 15.
Ne2 O-O-O 16. Nxf4 gxf4 17. b3 Qh4 18. Qf3 h5 19. Kh2 Rhg8 20. Rg1 Rg7 21. Rae1
Kb8 22. Nd2 Rdg8 23. Nf1 Bxh3 24. Qxh3 Qxf2 25. Rd1 f3 26. Rd2 Rxg2+ 27. Rxg2
fxg2 28. Qg3+ Rxg3 0-1

[Event "Olimpiada Calviá 2004"]
[Site "Calviá ESP"]
[Date "2004.10.24"]
[Round "9.33"]
[White "Erdogdu, Mert"]
[Black "Hafiz, Shafruddin"]
[Result "1-0"]
[WhiteElo "2393"]
[BlackElo "2075"]
[PlyCount "77"]
[EventDate "2004.10.15"]
[EventType "team"]
[EventRounds "14"]
[EventCountry "ESP"]
[Source "lmi"]
[SourceDate "2004.10.27"]

1. e4 c5 2. Nf3 Nc6 3. d4 cxd4 4. Nxd4 e5 5. Nb5 d6 6. c4 Be7 7. b3 Nf6 8. Bd3
O-O 9. O-O Bg4 10. f3 Be6 11. Be3 Nh5 12. Re1 a6 13. N5c3 Bg5 14. Bf2 Bh4 15.
g3 Be7 16. f4 Nf6 17. f5 Bc8 18. Nd2 Kh8 19. g4 Nd7 20. Nf3 Bf6 21. Bf1 Nd4 22.
Bg2 b5 23. cxb5 axb5 24. Nxd4 exd4 25. Nxb5 d3 26. e5 Nxe5 27. Bxa8 Ba6 28. Bd5
Bxb5 29. a4 Ba6 30. b4 d2 31. Qxd2 Nxg4 32. Ra3 Nxf2 33. Qxf2 Bh4 34. Rg3 Qd7
35. b5 Bb7 36. Qa7 Bxg3 37. hxg3 Bc8 38. Qxd7 Bxd7 39. b6 1-0

[Event "Olimpiada Calviá 2004"]
[Site "Calviá ESP"]
[Date "2004.10.24"]
[Round "9.33"]
[White "Zarul Shazwan, Zullkafli"]
[Black "Yilmaz, Turhan"]
[Result "0-1"]
[WhiteElo "2020"]
[BlackElo "2361"]
[PlyCount "99"]
[EventDate "2004.10.15"]
[EventType "team"]
[EventRounds "14"]
[EventCountry "ESP"]
[Source "lmi"]
[SourceDate "2004.10.27"]

1. e4 e5 2. Nf3 Nc6 3. Bc4 Bc5 4. O-O Nf6 5. Re1 a6 6. c3 Qe7 7. d4 Ba7 8. Bg5
d6 9. d5 Nb8 10. Nbd2 Nbd7 11. b4 h6 12. Be3 Nb6 13. Bf1 Ng4 14. Nc4 Nxe3 15.
Nxe3 g6 16. c4 Nd7 17. Rc1 O-O 18. Bd3 c5 19. b5 Bb6 20. Re2 Ba5 21. Qb3 Nf6
22. Rb2 Bd8 23. Qc2 Nh5 24. bxa6 Rxa6 25. Rcb1 Nf4 26. Bf1 Kh7 27. g3 Nh5 28.
Bg2 Ng7 29. Nh4 Qc7 30. Nf3 f5 31. exf5 Nxf5 32. Nd2 Bg5 33. Nxf5 gxf5 34. Bh3
Rf7 35. Nf3 Bd8 36. Kh1 e4 37. Ne1 Bf6 38. Rb3 Qa5 39. a3 Bg5 40. Ng2 Qd2 41.
Qxd2 Bxd2 42. Ne3 Kg7 43. Rd1 Bxe3 44. fxe3 Kf6 45. Kg2 Ra4 46. Rc1 Ke5 47.
Rcc3 b5 48. cxb5 Bb7 49. Kf2 Bxd5 50. Rb2 0-1

[Event "Olimpiada Calviá 2004"]
[Site "Calviá ESP"]
[Date "2004.10.24"]
[Round "9.34"]
[White "Khamdamov, Suhrob"]
[Black "Bachmann, Axel"]
[Result "1-0"]
[WhiteElo "2150"]
[BlackElo "2282"]
[PlyCount "72"]
[EventDate "2004.10.15"]
[EventType "team"]
[EventRounds "14"]
[EventCountry "ESP"]
[Source "lmi"]
[SourceDate "2004.10.27"]

1. d4 d5 2. c4 dxc4 3. Nc3 Nf6 4. e4 e6 5. Bxc4 a6 6. Nf3 b5 7. Bd3 Bb7 8. e5
Nd5 9. O-O Be7 10. a4 b4 11. Ne4 h6 12. Bd2 a5 13. Rc1 Ba6 14. Bb5+ Bxb5 15.
axb5 Qd7 16. Qe2 c6 17. Nd6+ Bxd6 18. exd6 O-O 19. Ne5 Qxd6 20. bxc6 Rc8 21.
Qh5 Ra7 22. Bxh6 gxh6 23. Ng4 Qf4 24. Nxh6+ Kg7 25. Ng4 Rh8 26. Qe5+ Qxe5 27.
Nxe5 Rc8 28. Rfe1 f6 29. Nd3 Kf7 30. Nc5 Rxc6 31. Ra1 Nd7 32. Nxd7 Rxd7 33.
Rxa5 Rc2 34. Ra2 b3 35. Ra6 Nf4 36. g3 Ne2+ 1-0

[Event "Olimpiada Calviá 2004"]
[Site "Calviá ESP"]
[Date "2004.10.24"]
[Round "9.34"]
[White "Jodorcovsky, Paulo"]
[Black "Isaev, Jamshed"]
[Result "1-0"]
[WhiteElo "2278"]
[BlackElo "2424"]
[PlyCount "89"]
[EventDate "2004.10.15"]
[EventType "team"]
[EventRounds "14"]
[EventCountry "ESP"]
[Source "lmi"]
[SourceDate "2004.10.27"]

1. e4 e5 2. Nf3 Nc6 3. d4 exd4 4. Nxd4 Bc5 5. Nb3 Bb6 6. a4 Qf6 7. Qe2 a5 8.
Nc3 Nb4 9. Nd5 Nxd5 10. exd5+ Ne7 11. h4 h6 12. Rh3 d6 13. Rf3 Qe5 14. Qxe5
dxe5 15. c4 c6 16. d6 Nf5 17. c5 Bd8 18. Bc4 O-O 19. g3 b6 20. Be3 g5 21. hxg5
hxg5 22. g4 Nxe3 23. Rxe3 Bxg4 24. Rg3 Be6 25. Bxe6 fxe6 26. cxb6 Bxb6 27.
Rxg5+ Kf7 28. Rxe5 Kf6 29. Re2 e5 30. Rc1 Rac8 31. f4 exf4 32. d7 Rb8 33. Rxc6+
Kf5 34. Rxb6 Rxb6 35. Nd4+ Kg4 36. Re8 Rd6 37. Rxf8 Rxd7 38. Ne2 Rb7 39. Rxf4+
Kg5 40. Rc4 Rxb2 41. Rc5+ Kg4 42. Rxa5 Kf3 43. Nc3 Rc2 44. Rc5 Rh2 45. a5 1-0

[Event "Olimpiada Calviá 2004"]
[Site "Calviá ESP"]
[Date "2004.10.24"]
[Round "9.34"]
[White "Ferreira, Oscar"]
[Black "Ziyaev, Negmat"]
[Result "1/2-1/2"]
[WhiteElo "2284"]
[BlackElo "2295"]
[PlyCount "89"]
[EventDate "2004.10.15"]
[EventType "team"]
[EventRounds "14"]
[EventCountry "ESP"]
[Source "lmi"]
[SourceDate "2004.10.27"]

1. c4 e6 2. Nc3 d5 3. d4 c5 4. cxd5 exd5 5. Nf3 Nc6 6. g3 Nf6 7. Bg2 Be7 8. O-O
O-O 9. b3 Bg4 10. dxc5 Bxc5 11. Bb2 Re8 12. Rc1 Be7 13. Nd4 Rc8 14. h3 Be6 15.
Na4 Nxd4 16. Qxd4 b6 17. Kh2 Qd7 18. Rxc8 Rxc8 19. Rc1 Rxc1 20. Bxc1 Qc6 21.
Qc3 Qd7 22. Bb2 h5 23. h4 Ng4+ 24. Kg1 Bf6 25. Qd2 d4 26. Ba3 Qb5 27. Bf3 g6
28. Bc1 Bf5 29. Nb2 Ne5 30. Bg2 Qa6 31. Nd1 Bg4 32. Bf1 d3 33. Nc3 Qa5 34. Ne4
Qxd2 35. Nxf6+ Kg7 36. Bxd2 Kxf6 37. f4 Nc6 38. e4 Be2 39. Bxe2 dxe2 40. Kf2 b5
41. Kxe2 Ke6 42. Bc3 f5 43. Kd3 a6 44. a4 Kd6 45. a5 1/2-1/2

[Event "Olimpiada Calviá 2004"]
[Site "Calviá ESP"]
[Date "2004.10.24"]
[Round "9.35"]
[White "Mosquera, Miguel"]
[Black "Sharavdorj, Dashzeveg"]
[Result "1-0"]
[WhiteElo "2394"]
[BlackElo "2466"]
[PlyCount "93"]
[EventDate "2004.10.15"]
[EventType "team"]
[EventRounds "14"]
[EventCountry "ESP"]
[Source "lmi"]
[SourceDate "2004.10.27"]

1. e4 e6 2. d4 d5 3. Nc3 Nf6 4. e5 Nfd7 5. f4 c5 6. Nf3 Nc6 7. Be3 cxd4 8. Nxd4
Bc5 9. Qd2 O-O 10. O-O-O a6 11. h4 Nxd4 12. Bxd4 b5 13. Kb1 Qc7 14. g3 b4 15.
Ne2 a5 16. Bxc5 Nxc5 17. Nd4 Ba6 18. Bg2 a4 19. Qxb4 Rab8 20. Qa3 Rb6 21. Ka1
Rfb8 22. Rb1 Rb4 23. Rhd1 h6 24. Rd2 Bd3 25. cxd3 Rxd4 26. Rc2 Nb3+ 27. Qxb3
axb3 28. Rxc7 Ra8 29. Rd1 Rxa2+ 30. Kb1 Rda4 31. Kc1 Ra1+ 32. Kd2 Rxd1+ 33.
Kxd1 Ra2 34. Kc1 Ra1+ 35. Kd2 Rb1 36. Ke3 Rxb2 37. Bf3 Rb1 38. Rb7 b2 39. Kd2
Rf1 40. Bd1 Rg1 41. Rxb2 Rxg3 42. Rb8+ Kh7 43. Rf8 h5 44. Rxf7 Kg6 45. Rf8 Rg2+
46. Be2 d4 47. f5+ 1-0

[Event "Olimpiada Calviá 2004"]
[Site "Calviá ESP"]
[Date "2004.10.24"]
[Round "9.35"]
[White "Hatanbaatar, Bazar"]
[Black "Barrientos, Sergio"]
[Result "1-0"]
[WhiteElo "2427"]
[BlackElo "2435"]
[PlyCount "48"]
[EventDate "2004.10.15"]
[EventType "team"]
[EventRounds "14"]
[EventCountry "ESP"]
[Source "lmi"]
[SourceDate "2004.10.27"]

1. e4 c5 2. Nf3 Nc6 3. d4 cxd4 4. Nxd4 Nf6 5. Nc3 e5 6. Ndb5 d6 7. Bg5 a6 8.
Na3 b5 9. Nd5 Qa5+ 10. Bd2 Qd8 11. Bg5 Be7 12. Bxf6 Bxf6 13. c3 Ne7 14. Nxf6+
gxf6 15. Nc2 Bb7 16. Bd3 d5 17. exd5 Qxd5 18. Ne3 Qe6 19. Qh5 O-O 20. Bc2 f5
21. Nxf5 Ng6 22. Ne3 Rad8 23. Qf5 Qe7 24. Rd1 Rxd1+ 1-0

[Event "Olimpiada Calviá 2004"]
[Site "Calviá ESP"]
[Date "2004.10.24"]
[Round "9.35"]
[White "Cuartas, Jaime Alexander"]
[Black "Erhembayar, Duurenbayar"]
[Result "1/2-1/2"]
[WhiteElo "2452"]
[BlackElo "2332"]
[PlyCount "172"]
[EventDate "2004.10.15"]
[EventType "team"]
[EventRounds "14"]
[EventCountry "ESP"]
[Source "lmi"]
[SourceDate "2004.10.27"]

1. e4 c5 2. Nf3 e6 3. c3 d5 4. exd5 exd5 5. d4 Nf6 6. Bb5+ Nc6 7. O-O Be7 8.
dxc5 Bxc5 9. Re1+ Ne4 10. Be3 O-O 11. Bxc5 Nxc5 12. Bxc6 bxc6 13. Qd4 Ne6 14.
Qe3 Qb6 15. b3 c5 16. Nbd2 Bb7 17. Nh4 Qd8 18. Nf5 Qf6 19. Qe5 Qxe5 20. Rxe5
Rad8 21. g3 g6 22. Nh4 Kg7 23. f4 Rfe8 24. Rae1 Kf8 25. Nhf3 Nc7 26. Kf2 Rxe5
27. Nxe5 Ne6 28. Ndf3 Rd6 29. Ng5 Nxg5 30. fxg5 Bc8 31. Nd3 Rc6 32. Nf4 Be6 33.
Rd1 Rd6 34. Rd2 Ke7 35. Ke3 Kd7 36. Nd3 d4+ 37. cxd4 cxd4+ 38. Kf4 Kc6 39. Rc2+
Kb5 40. Rc5+ Kb6 41. g4 Rd8 42. Rc1 Bc8 43. Ne5 Ba6 44. Rc6+ Kb7 45. Rc2 d3 46.
Rd2 Kb6 47. Ke3 Re8 48. Kd4 Rd8+ 49. Kc3 Rd5 50. Nxd3 Rxg5 51. Nf2 Rc5+ 52. Kd4
Bb7 53. Ke3 h5 54. Rd6+ Kc7 55. Rf6 Re5+ 56. Kd4 Re7 57. gxh5 gxh5 58. a4 Rd7+
59. Kc3 Bd5 60. b4 Be6 61. Ne4 Rd1 62. Nc5 Rc1+ 63. Kb2 Re1 64. Rf2 h4 65. Kc3
Rh1 66. Kd4 Kd6 67. Rd2 Bd5 68. Ke3 Re1+ 69. Kf4 Kc6 70. Rc2 Kb6 71. Nd7+ Kb7
72. Nc5+ Kb6 73. Nd7+ Kb7 74. Nc5+ Kb6 75. Rd2 Bc6 76. Rd6 Kc7 77. Rf6 Rf1+ 78.
Kg5 Rxf6 79. Kxf6 Kd6 80. Kxf7 h3 81. Kf6 Kd5 82. Kg5 Kc4 83. Kf4 Kxb4 84. Na6+
Kxa4 85. Ke3 Kb3 86. Kd2 Bb5 1/2-1/2

[Event "Olimpiada Calviá 2004"]
[Site "Calviá ESP"]
[Date "2004.10.24"]
[Round "9.35"]
[White "Gunbayar, Myagmarsuren"]
[Black "Contreras, Henry"]
[Result "1-0"]
[WhiteElo "2229"]
[BlackElo "2307"]
[PlyCount "75"]
[EventDate "2004.10.15"]
[EventType "team"]
[EventRounds "14"]
[EventCountry "ESP"]
[Source "lmi"]
[SourceDate "2004.10.27"]

1. e4 c5 2. Nf3 d6 3. d4 cxd4 4. Nxd4 Nf6 5. Nc3 a6 6. Bd3 e6 7. O-O b5 8. Re1
Bb7 9. Kh1 Nbd7 10. f4 h5 11. Qf3 Ng4 12. Be3 Nxe3 13. Qxe3 Nf6 14. h3 b4 15.
Na4 g6 16. Rad1 Bh6 17. Qg3 h4 18. Qxh4 Bg7 19. Qg5 Rh5 20. Qg3 Qa5 21. b3
O-O-O 22. Nf3 Bh6 23. Nd2 e5 24. Nc4 Qc7 25. fxe5 dxe5 26. Qf2 Bf4 27. Qa7 Qb8
28. Ncb6+ Kc7 29. Na8+ Qxa8 30. Qb6+ Kc8 31. Qxf6 Qa7 32. Nb6+ Kc7 33. Qe7+ Kc6
34. Qxd8 Qxb6 35. Bb5+ Kxb5 36. c4+ bxc3 37. a4+ Kc5 38. Qe7+ 1-0

[Event "Olimpiada Calviá 2004"]
[Site "Calviá ESP"]
[Date "2004.10.24"]
[Round "9.36"]
[White "De La Riva Aguado, Oscar"]
[Black "Hamdouchi, Hichem"]
[Result "1-0"]
[WhiteElo "2528"]
[BlackElo "2575"]
[PlyCount "131"]
[EventDate "2004.10.15"]
[EventType "team"]
[EventRounds "14"]
[EventCountry "ESP"]
[Source "lmi"]
[SourceDate "2004.10.27"]

1. e4 c5 2. Nf3 Nc6 3. Bb5 e6 4. O-O Nge7 5. b3 a6 6. Bxc6 Nxc6 7. Bb2 b5 8. c4
bxc4 9. bxc4 Rb8 10. Bc3 f6 11. Nh4 g6 12. f4 Bg7 13. f5 exf5 14. exf5 g5 15.
Qh5+ Kf8 16. Nf3 h6 17. d3 d5 18. cxd5 Qxd5 19. Nbd2 Qf7 20. Qh3 Qd5 21. Ne4
Bxf5 22. Qg3 Bxe4 23. dxe4 Qe6 24. Rad1 Rd8 25. Rxd8+ Nxd8 26. Qb8 Qe8 27. Ne5
Kg8 28. Ng4 Kh7 29. Qc7 Qf7 30. Qxc5 Qe6 31. Nxf6+ Kg6 32. Nd5 Re8 33. Bxg7
Kxg7 34. Qc7+ Nf7 35. a4 Rf8 36. Ne3 Kg8 37. Nf5 Re8 38. Ng3 Rc8 39. Qb7 Rc2
40. Nh5 Qc4 41. Nf6+ Kg7 42. Nh5+ Kg8 43. Qb8+ Qc8 44. Qxc8+ Rxc8 45. Rf6 a5
46. Rf5 Nd6 47. Rxa5 Nxe4 48. h3 Kh7 49. Ra7+ Kg8 50. a5 Rc1+ 51. Kh2 Ra1 52.
a6 Nc5 53. Ra8+ Kf7 54. a7 Nd7 55. Ng3 g4 56. hxg4 Nf6 57. Ne4 Nxe4 58. Rh8 Nf6
59. a8=Q Rxa8 60. Rxa8 Nxg4+ 61. Kg3 h5 62. Kf4 Nf6 63. Kf5 Nd5 64. Ra7+ Kg8
65. Kg5 Kf8 66. g3 1-0

[Event "Olimpiada Calviá 2004"]
[Site "Calviá ESP"]
[Date "2004.10.24"]
[Round "9.36"]
[White "Monell Camarasa, David"]
[Black "Sebbar, Ali"]
[Result "0-1"]
[WhiteElo "2263"]
[BlackElo "2116"]
[PlyCount "56"]
[EventDate "2004.10.15"]
[EventType "team"]
[EventRounds "14"]
[EventCountry "ESP"]
[Source "lmi"]
[SourceDate "2004.10.27"]

1. d4 Nf6 2. c4 g6 3. Nc3 Bg7 4. e4 d6 5. Nf3 O-O 6. Be2 e5 7. d5 a5 8. Nd2 Na6
9. h4 h5 10. Nf3 Nc5 11. Ng5 c6 12. f3 Ne8 13. g4 f6 14. Nh3 f5 15. Bg5 Qb6 16.
Rb1 fxg4 17. fxg4 hxg4 18. Bxg4 Bxg4 19. Qxg4 Nf6 20. Qe2 cxd5 21. cxd5 Nh5 22.
Rg1 Rf7 23. Bh6 Raf8 24. Bxg7 Nxg7 25. Kd2 Rf3 26. Rxg6 Qb4 27. Kc2 Na4 28.
Rbg1 Qxb2+ 0-1

[Event "Olimpiada Calviá 2004"]
[Site "Calviá ESP"]
[Date "2004.10.24"]
[Round "9.36"]
[White "Karim, Ismael"]
[Black "Ribera Bazan, Jose"]
[Result "1-0"]
[WhiteElo "2228"]
[BlackElo "2147"]
[PlyCount "79"]
[EventDate "2004.10.15"]
[EventType "team"]
[EventRounds "14"]
[EventCountry "ESP"]
[Source "lmi"]
[SourceDate "2004.10.27"]

1. e4 c5 2. Nf3 Nc6 3. Nc3 Nf6 4. Bb5 Qc7 5. O-O Nd4 6. Nxd4 cxd4 7. Nd5 Nxd5
8. exd5 Qc5 9. c4 a6 10. Ba4 Qxc4 11. Bb3 Qc5 12. d3 Qd6 13. Qf3 Qf6 14. Qe4 d6
15. Re1 g6 16. Bf4 Bf5 17. Qf3 O-O-O 18. Qg3 h6 19. h4 Kb8 20. Bc4 e5 21. dxe6
fxe6 22. b4 Be7 23. a4 g5 24. Bd2 gxh4 25. Qf3 d5 26. Bf4+ Bd6 27. Bxd6+ Rxd6
28. Qf4 Rhd8 29. Bb3 Qg5 30. Qe5 Bxd3 31. Qxd4 Be4 32. Rxe4 dxe4 33. Qxe4 Rd4
34. Qf3 Rf4 35. Qh3 Qf6 36. Re1 Rxf2 37. Bxe6 Rdd2 38. Bd5 Qd4 39. Re8+ Ka7 40.
Ra8+ 1-0

[Event "Olimpiada Calviá 2004"]
[Site "Calviá ESP"]
[Date "2004.10.24"]
[Round "9.37"]
[White "Belkhodja, Slim"]
[Black "Gillani, Tunveer"]
[Result "0-1"]
[WhiteElo "2478"]
[BlackElo "2277"]
[PlyCount "101"]
[EventDate "2004.10.15"]
[EventType "team"]
[EventRounds "14"]
[EventCountry "ESP"]
[Source "lmi"]
[SourceDate "2004.10.27"]

1. e4 d6 2. d4 Nf6 3. Bd3 e5 4. Nf3 Bg4 5. dxe5 dxe5 6. h3 Bxf3 7. Qxf3 Bd6 8.
Nd2 O-O 9. Nc4 Nbd7 10. c3 Re8 11. O-O Nc5 12. Bc2 b5 13. Ne3 g6 14. Rd1 Qe7
15. Ng4 Nxg4 16. Qxg4 h5 17. Qe2 a6 18. Be3 Ne6 19. a4 c6 20. b4 Nf4 21. Qf3
Red8 22. Bb3 Ne6 23. Rd2 Kg7 24. Rda2 Rac8 25. axb5 axb5 26. Ra6 Rd7 27. Qe2
Nf4 28. Qf1 h4 29. Ra7 Rxa7 30. Rxa7 Rc7 31. Ra8 Qg5 32. Kh2 c5 33. g3 hxg3+
34. fxg3 cxb4 35. gxf4 exf4 36. Bg1 Be5 37. Ra7 Rxa7 38. Bxa7 Qg3+ 39. Kh1 Qxc3
40. Qxb5 Qxh3+ 41. Kg1 Qg3+ 42. Kf1 Qf3+ 43. Bf2 Qh3+ 44. Ke2 Qg4+ 45. Kd3 Qf3+
46. Kc4 Qe2+ 47. Kc5 Qxf2+ 48. Kc6 Qd4 49. Bd5 f3 50. Kd7 f2 51. Ke8 0-1

[Event "Olimpiada Calviá 2004"]
[Site "Calviá ESP"]
[Date "2004.10.24"]
[Round "9.37"]
[White "Lodhi, Mahmood"]
[Black "Chikhaoui, Walid"]
[Result "0-1"]
[WhiteElo "2385"]
[BlackElo "2324"]
[PlyCount "70"]
[EventDate "2004.10.15"]
[EventType "team"]
[EventRounds "14"]
[EventCountry "ESP"]
[Source "lmi"]
[SourceDate "2004.10.27"]

1. d4 Nf6 2. Nf3 g6 3. g3 Bg7 4. Bg2 O-O 5. O-O d6 6. c4 c5 7. e3 Nc6 8. Nc3 a6
9. Qe2 Qb6 10. Rd1 Bg4 11. Nd5 Nxd5 12. cxd5 Na5 13. dxc5 dxc5 14. e4 Qb5 15.
Qe1 Nc4 16. h3 Bxf3 17. Bxf3 Nxb2 18. Rb1 Nd3 19. Rxd3 Qxb1 20. Rb3 Qxa2 21.
Rxb7 Rab8 22. Rxb8 Rxb8 23. e5 Qa1 24. e6 fxe6 25. Kg2 e5 26. Qd2 Qd4 27. Qa2
e4 28. Bg4 h5 29. Be6+ Kh7 30. g4 Qd1 31. gxh5 Qxc1 32. hxg6+ Kxg6 33. Qxa6 Bf6
34. Qa4 Qf4 35. Bg4 Bd4 0-1

[Event "Olimpiada Calviá 2004"]
[Site "Calviá ESP"]
[Date "2004.10.24"]
[Round "9.37"]
[White "Jday, Wassim"]
[Black "Amir, Karim"]
[Result "0-1"]
[WhiteElo "2143"]
[BlackElo "2250"]
[PlyCount "77"]
[EventDate "2004.10.15"]
[EventType "team"]
[EventRounds "14"]
[EventCountry "ESP"]
[Source "lmi"]
[SourceDate "2004.10.27"]

1. e4 c5 2. Nf3 Nc6 3. Bb5 g6 4. Bxc6 dxc6 5. d3 Bg7 6. h3 Nf6 7. Nc3 O-O 8.
Be3 b6 9. Qd2 Ne8 10. g4 Nc7 11. Bh6 Ne6 12. O-O-O a5 13. Ne2 a4 14. Bxg7 Kxg7
15. h4 h6 16. Ne5 a3 17. b3 Nd4 18. c3 Nxe2+ 19. Qxe2 Qd6 20. Nc4 Qf4+ 21. Qe3
Qc7 22. Rdf1 e5 23. Qg3 Re8 24. d4 cxd4 25. cxd4 b5 26. Nxe5 f6 27. g5 fxg5 28.
hxg5 h5 29. f4 c5 30. Qc3 b4 31. Qc2 Bb7 32. d5 Rxe5 33. fxe5 Qxe5 34. Kb1 Ba6
35. Qg2 Rf8 36. Rd1 Rf3 37. d6 Bb7 38. Rhe1 Rc3 39. Qe2 0-1

[Event "Olimpiada Calviá 2004"]
[Site "Calviá ESP"]
[Date "2004.10.24"]
[Round "9.37"]
[White "Mirza, Shahzad"]
[Black "Amdouni, Zoubeir"]
[Result "1/2-1/2"]
[WhiteElo "2279"]
[BlackElo "2104"]
[PlyCount "120"]
[EventDate "2004.10.15"]
[EventType "team"]
[EventRounds "14"]
[EventCountry "ESP"]
[Source "lmi"]
[SourceDate "2004.10.27"]

1. d4 Nf6 2. c4 e6 3. Nc3 d5 4. Bg5 c6 5. e3 h6 6. Bh4 Nbd7 7. Nf3 Be7 8. Bd3
dxc4 9. Bxc4 b5 10. Bd3 Bb7 11. O-O a6 12. e4 c5 13. e5 Nd5 14. Ne4 g5 15. Bg3
h5 16. h4 gxh4 17. Nxh4 Bxh4 18. Nd6+ Kf8 19. Qf3 f6 20. Nxb7 Qc7 21. Bxh4 Qxb7
22. Rae1 Rg8 23. g3 Rg4 24. Be4 cxd4 25. Bxf6 N7xf6 26. Bxd5 Qxd5 27. Qxf6+ Kg8
28. Rc1 Rf8 29. Qh6 Qxe5 30. Rce1 Qf6 31. Qxh5 Rg7 32. Qe2 Rg6 33. Kg2 Qf5 34.
Qe4 d3 35. Qxf5 exf5 36. Re3 Rd6 37. Rd1 d2 38. Rc3 Re8 39. Rc2 Red8 40. Rc5
Kg7 41. Kf3 Kg6 42. Ke2 Re8+ 43. Kf1 Rh8 44. Kg2 Re8 45. Rc2 Red8 46. Kf3 Kg5
47. a3 Rd5 48. Rc6 a5 49. Kg2 f4 50. b4 axb4 51. axb4 fxg3 52. Kxg3 Kf5 53. Kf3
Rd3+ 54. Ke2 R3d5 55. Rc5 Rxc5 56. bxc5 Rc8 57. Rxd2 Rxc5 58. Rd8 b4 59. Rb8
Rc4 60. Re8 Re4+ 1/2-1/2

[Event "Olimpiada Calviá 2004"]
[Site "Calviá ESP"]
[Date "2004.10.24"]
[Round "9.38"]
[White "Monroy, Javier"]
[Black "Curi, Gabriel"]
[Result "0-1"]
[WhiteElo "2129"]
[BlackElo "2264"]
[PlyCount "124"]
[EventDate "2004.10.15"]
[EventType "team"]
[EventRounds "14"]
[EventCountry "ESP"]
[Source "lmi"]
[SourceDate "2004.10.27"]

1. e4 e6 2. d4 d5 3. Nd2 c5 4. exd5 Qxd5 5. Ngf3 cxd4 6. Bc4 Qd6 7. O-O Nf6 8.
Nb3 Nc6 9. Nbxd4 Nxd4 10. Nxd4 Bd7 11. c3 Qc7 12. Qe2 Bd6 13. Nb5 Bxb5 14.
Bxb5+ Ke7 15. g3 a6 16. Bd3 Qc6 17. Bg5 h6 18. Be4 Qc7 19. Bxf6+ gxf6 20. Rfe1
h5 21. Bg6 h4 22. Bxf7 Kxf7 23. Qxe6+ Kg7 24. Re4 Be5 25. Rg4+ Kf8 26. Re1 hxg3
27. hxg3 Re8 28. Qd5 Qf7 29. Qc5+ Qe7 30. Qd5 Rd8 31. Qf3 Qd7 32. Rg6 Kf7 33.
Rg4 Qd5 34. Rge4 Rh7 35. c4 Qc6 36. R4e3 Qxf3 37. Rxf3 Kg6 38. Re2 Rd1+ 39. Kg2
Rhd7 40. Rb3 R1d2 41. Kf3 R7d3+ 42. Rxd3 Rxd3+ 43. Kg2 a5 44. b3 a4 45. f4 Bd6
46. bxa4 Ra3 47. Rb2 Rxa4 48. Rxb7 Rxa2+ 49. Kf3 Rc2 50. Ke4 Rxc4+ 51. Kd5 Rc7
52. Rb3 Bf8 53. g4 Rd7+ 54. Ke4 Bc5 55. Rd3 Rxd3 56. Kxd3 Ba3 57. Ke4 Bc1 58.
Kf3 Kf7 59. Ke4 Ke6 60. Kf3 Kd5 61. g5 f5 62. Kg3 Ke4 0-1

[Event "Olimpiada Calviá 2004"]
[Site "Calviá ESP"]
[Date "2004.10.24"]
[Round "9.39"]
[White "Albadri, Abd Al Sattar"]
[Black "Michelakis, George"]
[Result "0-1"]
[WhiteElo "2142"]
[BlackElo "2438"]
[PlyCount "70"]
[EventDate "2004.10.15"]
[EventType "team"]
[EventRounds "14"]
[EventCountry "ESP"]
[Source "lmi"]
[SourceDate "2004.10.27"]

1. d4 Nf6 2. c4 e6 3. Nc3 Bb4 4. Qd2 Nc6 5. Nf3 d6 6. a3 Bxc3 7. Qxc3 a5 8. b3
O-O 9. Bg5 h6 10. Bh4 g5 11. Bg3 Ne4 12. Qc2 f5 13. e3 Qf6 14. Bd3 Nxg3 15.
hxg3 e5 16. dxe5 dxe5 17. e4 g4 18. Nh4 Nd4 19. Qb2 c5 20. Ra2 f4 21. O-O Qg5
22. Qb1 Ra6 23. Nf5 Bxf5 24. exf5 Rb6 25. Rb2 f3 26. Re1 Qh5 27. Bf1 Rxf5 28.
b4 fxg2 29. Bxg2 Nf3+ 30. Bxf3 gxf3 31. Rd1 Qh3 32. Rd8+ Rf8 33. Rxf8+ Kxf8 34.
Qf1 Qxf1+ 35. Kxf1 axb4 0-1

[Event "Olimpiada Calviá 2004"]
[Site "Calviá ESP"]
[Date "2004.10.24"]
[Round "9.39"]
[White "Kobese, Watu"]
[Black "Ahmed Abdul Sattar, Wahab"]
[Result "1-0"]
[WhiteElo "2408"]
[BlackElo "2270"]
[PlyCount "109"]
[EventDate "2004.10.15"]
[EventType "team"]
[EventRounds "14"]
[EventCountry "ESP"]
[Source "lmi"]
[SourceDate "2004.10.27"]

1. e4 c5 2. Nf3 e6 3. d4 cxd4 4. Nxd4 Nf6 5. Nc3 Nc6 6. Nxc6 bxc6 7. e5 Nd5 8.
Ne4 Qc7 9. f4 Qb6 10. c4 Bb4+ 11. Ke2 f5 12. Nf2 Ba6 13. Kf3 Ne7 14. Be3 Bc5
15. Bxc5 Qxc5 16. Qd6 Qb6 17. b3 c5 18. Be2 Bb7+ 19. Ke3 Nc8 20. Qd2 O-O 21.
Qxd7 Rd8 22. Qb5 Bxg2 23. Rhd1 Ne7 24. Rxd8+ Rxd8 25. Rd1 Rf8 26. Qd7 Nc8 27.
h4 h6 28. Bh5 Kh8 29. Rd2 Qa5 30. Nd1 Be4 31. Qxe6 Qa3 32. Qd7 Nb6 33. Qe7
Nxc4+ 34. Kf2 Kg8 35. bxc4 Qh3 36. Ke2 Qh2+ 37. Nf2 Qxf4 38. Rd8 Rxd8 39. Qxd8+
Kh7 40. Qe8 Qg3 41. e6 Bg2 42. Nd3 Bf1+ 43. Kxf1 Qxd3+ 44. Be2 Qh3+ 45. Ke1
Qc3+ 46. Kf2 Qd4+ 47. Kg2 Qe3 48. Bf3 Qd2+ 49. Kh3 Qe3 50. Qc6 g5 51. Qd7+ Kh8
52. Qe8+ Kh7 53. Qf7+ Kh8 54. Qf8+ Kh7 55. Qxf5+ 1-0

[Event "Olimpiada Calviá 2004"]
[Site "Calviá ESP"]
[Date "2004.10.24"]
[Round "9.39"]
[White "Abdul Adhim, Muneer"]
[Black "Solomon, Kenny"]
[Result "1/2-1/2"]
[WhiteElo "2202"]
[BlackElo "2358"]
[PlyCount "76"]
[EventDate "2004.10.15"]
[EventType "team"]
[EventRounds "14"]
[EventCountry "ESP"]
[Source "lmi"]
[SourceDate "2004.10.27"]

1. e4 c5 2. d4 cxd4 3. c3 d3 4. Bxd3 Nc6 5. c4 d6 6. Nc3 g6 7. Be3 Nf6 8. h3
Bg7 9. Nf3 O-O 10. O-O Nd7 11. Rc1 Nc5 12. Re1 h6 13. Qd2 Kh7 14. Bb1 Qa5 15.
b3 Rb8 16. Red1 Be6 17. Nd5 Qxd2 18. Rxd2 a5 19. Nd4 Bxd5 20. cxd5 Nxd4 21.
Bxd4 Bxd4 22. Rxd4 Rfc8 23. Rdc4 b5 24. R4c3 Kg7 25. f4 Rd8 26. Kf2 Rb6 27. Ke3
Ra8 28. Bc2 b4 29. Rc4 a4 30. bxa4 Nxa4 31. Bxa4 Rxa4 32. R1c2 Ra3+ 33. Kf2 b3
34. axb3 Raxb3 35. Rc7 Rb2 36. Rxb2 Rxb2+ 37. Kf3 Rb3+ 38. Kf2 Rb2+ 1/2-1/2